Моделирование спектра мощности стационарного случайного процесса в виде сплайна первого порядка при случайном числе данных в моментах измерений; Физико-технические проблемы в науке, промышленности и медицине

Bibliografiset tiedot
Parent link:Физико-технические проблемы в науке, промышленности и медицине.— 2015.— [С. 125-126]
Päätekijä: Устинова И. Г. Ирина Георгиевна
Yhteisötekijä: Национальный исследовательский Томский политехнический университет (ТПУ) Физико-технический институт (ФТИ) Кафедра высшей математики (ВМ)
Muut tekijät: Подберезина Е. И. Елена Ивановна
Yhteenveto:Заглавие с титульного экрана
Kieli:venäjä
Julkaistu: 2015
Sarja:Математическое моделирование в фундаментальных и прикладных исследованиях
Aiheet:
Linkit:http://earchive.tpu.ru/handle/11683/17633
http://www.lib.tpu.ru/fulltext/c/2015/C49/100.pdf
Aineistotyyppi: MixedMaterials Elektroninen Kirjan osa
KOHA link:https://koha.lib.tpu.ru/cgi-bin/koha/opac-detail.pl?biblionumber=612696

MARC

LEADER 00000naa2a2200000 4500
001 612696
005 20231222112719.0
035 |a (RuTPU)RU\TPU\conf\10827 
035 |a RU\TPU\conf\10825 
090 |a 612696 
100 |a 20150624d2015 k y0rusy50 ca 
101 0 |a rus 
102 |a RU 
105 |a y z 101zy 
135 |a drgn ---uucaa 
181 0 |a i  
182 0 |a b 
200 1 |a Моделирование спектра мощности стационарного случайного процесса в виде сплайна первого порядка при случайном числе данных в моментах измерений  |f И. Г. Устинова, Е. И. Подберезина 
203 |a Текст  |c электронный 
225 1 |a Математическое моделирование в фундаментальных и прикладных исследованиях 
300 |a Заглавие с титульного экрана 
320 |a [Библиогр.: с. 126 (2 назв.)] 
337 |a Adobe Reader 
463 0 |0 (RuTPU)RU\TPU\conf\10637  |t Физико-технические проблемы в науке, промышленности и медицине  |o сборник тезисов докладов VII Международной научно-практической конференции, г. Томск, 3-6 июня 2015 г.  |f Национальный исследовательский Томский политехнический университет (ТПУ) ; под ред. А. Н. Дьяченко [и др.]  |v [С. 125-126]  |d 2015 
610 1 |a труды учёных ТПУ 
610 1 |a электронный ресурс 
610 1 |a моделирование 
610 1 |a случайные процессы 
610 1 |a сплайны 
610 1 |a случайные числа 
610 1 |a измерения 
610 1 |a спектры мощности 
700 1 |a Устинова  |b И. Г.  |c математик  |c доцент Томского политехнического университета, кандидат технических наук  |f 1960-  |g Ирина Георгиевна  |3 (RuTPU)RU\TPU\pers\29352  |9 13938 
701 1 |a Подберезина  |b Е. И.  |c математик  |c доцент Томского политехнического университета, кандидат физико-математических наук  |f 1965-  |g Елена Ивановна  |3 (RuTPU)RU\TPU\pers\29507 
712 0 2 |a Национальный исследовательский Томский политехнический университет (ТПУ)  |b Физико-технический институт (ФТИ)  |b Кафедра высшей математики (ВМ)  |3 (RuTPU)RU\TPU\col\18728 
801 2 |a RU  |b 63413507  |c 20210210  |g RCR 
856 4 |u http://earchive.tpu.ru/handle/11683/17633 
856 4 |u http://www.lib.tpu.ru/fulltext/c/2015/C49/100.pdf 
942 |c BK